Prvé kroky futbalistov

Bibliographic Details
Main Author: Gallo, Belo (Author)
Format: Article
Language:Slovak
Subjects:

MARC

LEADER 00000nab a2200000 a 4500
001 vtls009327282
003 SK-MaSNL
005 20260303061212.0
008 080828c1972 xo 0 slo
015 |a SNBRA1973 
040 |a SNKBUCL  |b slo  |c SNKBUCL  |e AACR2 
041 0 |a slo 
044 |a xo  |c SK 
080 |a 796.034  |x (437.6)  |x (08)  |2 2001 
080 |a 796.322  |2 2001 
100 1 |a Gallo, Belo  |4 aut  |9 1055061 
245 1 0 |a Prvé kroky futbalistov  |c Belo Gallo 
650 0 7 |a futbal  |2 snkbucl  |9 3291 
655 7 |a články zo zborníkov  |2 snkbucl  |9 166140 
655 7 |a zborníky  |2 snkbucl  |9 70165 
773 0 |t Šesťdesiat rokov organizovaného športu v Martine 1912-1972  |d Martin : 1972  |g S. 19-20 
850 |a Slovenská národná knižnica v Martine  |a MTA001 
852 |a SNK  |b KIS3GCP 
999 |c 1734664  |d 1736594